[Event "COL-ch U14"]
[Site "Fusagasuga"]
[Date "2019.06.30"]
[Round "7"]
[White "Forero Pacheco, Andres Alonso"]
[Black "Gonzalez, Leandro"]
[Result "0-1"]
[WhiteElo "1435"]
[BlackElo "1707"]
[PlyCount "102"]
[EventDate "2019.06.26"]
[EventType "tourn"]
[EventRounds "9"]
[EventCountry "COL"]
[SourceTitle "CBM 191 Extra"]
[Source "ChessBase"]
[SourceDate "2019.09.30"]
[SourceVersion "1"]
[SourceVersionDate "2019.09.30"]
[SourceQuality "1"]

1. e4 c5 2. Nf3 Nc6 3. d4 cxd4 4. Nxd4 Nf6 5. Nc3 d6 6. Bc4 e6 7. Bb3 Be7 8. 0-0 a6 9. Be3 Bd7 10. Qe2 0-0 11. Rad1 Qc7 12. Rd2 b5 13. a3 Na5 14. f4 Rac8 15. Rfd1 Nxb3 16. Nxb3 Bc6 17. e5 dxe5 18. Bc5 exf4 19. Bxe7 Qxe7 20. Qe5 f3 21. Nd4 f2+ 22. Rxf2 Ng4 23. Nf5 Qg5 24. Qg3 exf5 25. h3 Qe3 26. Qxe3 Nxe3 27. Rd3 Nxg2 28. Rxg2 Bxg2 29. Kxg2 Rfd8 30. Rf3 Rd2+ 31. Rf2 Rcd8 32. Nb1 Rxf2+ 33. Kxf2 Rd1 34. Nc3 Rd2+ 35. Ke3 Rxc2 36. Nd5 Rxb2 37. Ne7+ Kf8 38. Nxf5 Rb3+ 39. Kd4 Rxa3 40. Kc5 Rxh3 41. Kb6 Rh6+ 42. Nxh6 gxh6 43. Kxa6 b4 44. Ka7 b3 45. Ka8 b2 46. Ka7 b1Q 47. Ka8 Qb5 48. Ka7 Ke7 49. Ka8 Kd7 50. Ka7 Kc7 51. Ka8 Qb7# 0-1

[Event "COL-ch U14"]
[Site "Fusagasuga"]
[Date "2019.06.28"]
[Round "5"]
[White "Forero Pacheco, Andres Alonso"]
[Black "Donneys, Franz"]
[Result "1/2-1/2"]
[WhiteElo "1435"]
[BlackElo "1615"]
[PlyCount "118"]
[EventDate "2019.06.26"]
[EventType "tourn"]
[EventRounds "9"]
[EventCountry "COL"]
[SourceTitle "CBM 191 Extra"]
[Source "ChessBase"]
[SourceDate "2019.09.30"]
[SourceVersion "1"]
[SourceVersionDate "2019.09.30"]
[SourceQuality "1"]

1. e4 c5 2. Nf3 e6 3. d4 cxd4 4. Nxd4 a6 5. Nc3 Qc7 6. Be3 Bb4 7. Nde2 Nf6 8. f3 d5 9. a3 Bxc3+ 10. Nxc3 dxe4 11. Nxe4 Nxe4 12. fxe4 e5 13. Qd2 0-0 14. Bd3 Be6 15. 0-0 Nc6 16. Rf3 Rfd8 17. Rg3 f6 18. Qf2 Rd7 19. Qxf6 Re8 20. Rf1 Rf7 21. Qh4 Rxf1+ 22. Kxf1 Rf8+ 23. Kg1 Qd8 24. Qxd8 Rxd8 25. Kf2 b5 26. Ke2 Nd4+ 27. Bxd4 exd4 28. h3 Re8 29. Rg5 Rc8 30. Kd2 Rc6 31. a4 Bc4 32. Bxc4+ bxc4 33. Rd5 c3+ 34. bxc3 Rxc3 35. Rxd4 Rg3 36. Rd8+ Kf7 37. Ra8 Rxg2+ 38. Kc1 Rg6 39. Ra7+ Kf8 40. c4 Ke8 41. Kd2 Kd8 42. Kc3 Rg3+ 43. Kd4 Rxh3 44. Rxg7 Ra3 45. Rxh7 Rxa4 46. e5 Ra1 47. e6 Rd1+ 48. Kc5 Re1 49. Kd6 Rd1+ 50. Kc6 a5 51. Kb5 a4 52. Kxa4 Re1 53. Rh6 Rb1 54. c5 Ke7 55. c6 Kd6 56. e7+ Kxe7 57. c7 Kd7 58. Rh7+ Kc8 59. Ka5 Kb7 1/2-1/2

[Event "COL-ch U14"]
[Site "Fusagasuga"]
[Date "2019.06.27"]
[Round "2"]
[White "Gaona Ballesteros, Esteban Andres"]
[Black "Forero Pacheco, Andres Alonso"]
[Result "1-0"]
[WhiteElo "1525"]
[BlackElo "1435"]
[PlyCount "157"]
[EventDate "2019.06.26"]
[EventType "tourn"]
[EventRounds "9"]
[EventCountry "COL"]
[SourceTitle "CBM 191 Extra"]
[Source "ChessBase"]
[SourceDate "2019.09.30"]
[SourceVersion "1"]
[SourceVersionDate "2019.09.30"]
[SourceQuality "1"]

1. d4 d5 2. c4 e6 3. Nf3 Nf6 4. g3 Be7 5. Bg2 0-0 6. 0-0 b6 7. cxd5 exd5 8. Nc3 Bb7 9. Bf4 Nbd7 10. Ne5 Re8 11. Qb3 c6 12. Nxd7 Qxd7 13. Rfd1 Rad8 14. Rac1 Bd6 15. Bxd6 Qxd6 16. a4 Bc8 17. Qc2 Re7 18. e3 Rde8 19. Ne2 Bd7 20. Re1 Ne4 21. Nc3 f5 22. f4 Qg6 23. Nxe4 fxe4 24. Re2 Re6 25. Bh3 Rd6 26. Bxd7 Rxd7 27. Qxc6 Rd6 28. Qb7 Qg4 29. Ree1 h5 30. Rc2 h4 31. Rg2 h3 32. Rf2 Rd7 33. Qa6 Rc7 34. Qe2 Qxe2 35. Rfxe2 Rec8 36. Kf2 Rc4 37. b3 Rb4 38. Rb2 Rc3 39. Reb1 Kf7 40. g4 Kf6 41. g5+ Kf5 42. Ke2 Rd3 43. Kf2 g6 44. Ke2 a6 45. Kf2 Kg4 46. Rg1+ Kf5 47. Rgb1 a5 48. Rc2 Rbxb3 49. Rxb3 Rxb3 50. Ra2 Rb1 51. Kg3 Rb3 52. Kf2 Kg4 53. Ke2 Rb1 54. Ra3 Rb2+ 55. Kf1 Rxh2 56. Kg1 Kg3 57. Rb3 Rg2+ 58. Kh1 h2 59. Rb1 Kf2 60. Rb2+ Kxe3 61. Kxg2 Kxd4 62. f5 gxf5 63. g6 f4 64. g7 f3+ 65. Kxh2 Kc3 66. g8Q Kxb2 67. Qxd5 f2 68. Kg2 e3 69. Qe4 Kb3 70. Qxe3+ Kxa4 71. Qxb6 Ka3 72. Qxa5+ Kb3 73. Qc5 Kb2 74. Kxf2 Ka1 75. Qc3+ Kb1 76. Qd2 Ka1 77. Ke3 Kb1 78. Kd3 Ka1 79. Kc3 1-0